1082 1743 1734 1506 1351 1953 1245 1656 1610 1494 1502 1020 1415 1884 1117 1577 1173 1175 1638 1036 1350 1548 1678 1177 1666 1814 1149 1536 1411 1651 1132 1727 1549 1213 1585 1176 1239 1530 1927 1204 1379 1761 1854 1093 1716 1792 1973 1154 1422 1708 1619 1941 1607 1775 1178 1127 1999 1086 1185 1115 1924 1750 1426 1417 1272 1854 1009 1749 1266 1150 1504 1001 1166 1354 1268 1252 1377 1088 1906 1651 1631 1069 1299 1256 1343 1009 1685 1350 1099 1201 1173 1559 1455 1354 1153 1539 1509 1424 1428 BCNSPRNW ULIB Ver.6.0+V

เปลี่ยนเป็นภาษาไทย

Change to English
 แสดงรายละเอียดบรรณานุกรม
  กลับหน้าหลัก

Brief Record : Get Marc (ISO 2709) : E-mail record : QR code < ปิดหน้าต่าง
LEADER : 00000nam 2200000uu 4500
001    13399112802
003     ULIB
008    110627s2552||||th 000 0 tha d
020    9786110600620
090    นว.^bว486ล 2552
100 0  วาลินา
245 00 เล่ห์จันทร์สลับใจ/^cวาลินา
250    พิมพ์ครั้งที่ 2
260    กรุงเทพฯ :^bแจ่มใส,^c2552
300    414 หน้า
710 1  แจ่มใส
945    ^p249^l0^i026037
995    ทศพร
999 ^a ใช้งานได้ทุกระบบ
รายการนี้ยังไม่มีแท็ก
คุณยังไม่ได้ล็อกอิน คุณสามารถมีกิจกรรมร่วมกับเว็บไซต์ได้ แต่ต้องล็อกอินก่อน ::
  ล็อกอิน

รายการสื่อสารสนเทศ

ลำดับที่ ประเภท เลขเรียก/บาร์โค้ด สถานที่ สถานะ
- ไม่พบข้อมูล -

BibComment


ยังไม่เคยถูกคอมเมนท์

คอมเมนท์ทรัพยากรรายการนี้
  คอมเมนท์: เล่ห์จันทร์สลับใจ..


 Copyright 2026. Bcnsprnw @Library